000 00770nam a2200205 u 4500
001 000166965
003 AM-YeHGA
005 20250617123356.0
008 980513s1981 ru ||||gr|||||||||||rus d
020 _c270.00
040 _aAM-YeHGA
041 0 _arus
245 0 0 _aРСФСР :
_bАдминистративно-территориальное деление : На 1-е января 1981 г. /
_cПрезидиум Верховного Совета РСФСР.
260 _aМосква :
_bИзвестия,
_c1981.
300 _a511 с.
650 1 4 _aАдминистративно-территориальное деление
_xРСФСР
710 2 _aПрезидиум Верховного Совета РСФСР
942 _2udc
_cBK
090 _c58343
999 _c57429
_d57429